Odgadnij państwo po jego części flagi (trudne) - Statystyki

Ogólne statystyki
  • Ten quiz został rozwiązany 40 razy
  • Średni wynik to 10 z 16
Statystyki odpowiedzi
Obrazkowy Odpowiedź % Poprawnych
Izrael
95%
Bangladesz
89%
Australia
86%
Bhutan
86%
Kenia
84%
Egipt
81%
Sri lanka
78%
Kuwejt
76%
Nikaragua
73%
Gruzja
68%
Salwador
65%
Libia
51%
Malediwy
43%
Tonga
41%
Armenia
16%
Panama
16%
Nie znaleziono quizów pasujących do podanych kryteriów
Rozkład punktacji
Procent ludzi z każdym wynikiem
Percentyl według liczby udzielonych odpowiedzi
Twoja historia wyników
Nie rozwiązałeś tego quizu